Card Games by Description - Statistics

General Stats
  • This quiz has been taken 99 times
  • The average score is 6 of 12
Answer Stats
Hint Answer % Correct
Played at a casino variations include Texas Hold'em and Five Card Draw Poker
93%
Try and make 21 with at most 5 cards Blackjack
83%
Ording game where Solitaire
76%
Anime Tv show with Ash and Brock Pokemon
60%
You don't want one suit or the Queen of Spades Hearts
56%
You make melds of the same card rank or runs of a suit Rummy
55%
Has four phases: dealing the cards, the auction (bidding), playing the cards and scoring Bridge
42%
Anime TV show with Yugi and Kaiba Yu-gi-oh
36%
You want the same card in all the suits to make sets Go Fish
31%
Game that is a battle between wizards known as Planeswalkers Magic: The Gathering
26%
54 cards are laid out on the table and 50 more cards are the stock., aim to to order the cards into seven piles from king to ace Spider Solitaire
26%
Ordering game starting with aces to king and four free slots Freecell
25%
No matching quizzes found
Score Distribution
Percent of People with Each Score
Percentile by Number Answered
Your Score History
You have not taken this quiz